000 00765nam a22002297a 4500
003 URS
005 20230206153231.0
008 180103b xxu||||| |||| 00| 0 eng d
040 _curs
050 _aHG 4026 A53 2010
100 _93617
_aAnastacio, Ma. Flordeliza
_eauthor
245 _aFundamentals of financial management
_cMa. Flordeliza Anastacio, Roberto C. Dacanay, Leonardo E. Aliling
260 _aManila
_bRex Book Store
_c2010
336 _2rdacontent
_atext
_btxt
337 _2rdamedia
_aunmediated
_bn
338 _2rdacarrier
_avolume
_bnc
650 0 _93611
_aBusiness enterprises
_vFinance
650 0 _93023
_aCorporations
_vFinance
700 _aDacanay, Roberto C.
_93618
_eauthor
700 _aAliling, Leonardo E.
_93619
_eauthor
942 _2lcc
_cF
999 _c14985
_d14985